000
00258nam a2200109 a 4500
005
20140513081051.0
008
020606s19uu xx 00 eng d
050
_a
P 808.1
_b
FIV
245
_a
Five little monkeys.
650
_a
Rhymes
_x
Posters
999
_c
116343
_d
116343